Hombre sólo / (Record no. 146415)

MARC details
000 -LEADER
campo de control de longitud fija 00741nam a2200241 i 4500
001 - NÚMERO DE CONTROL
campo de control 146415
003 - IDENTIFICADOR DE NÚMERO DE CONTROL
campo de control ES-MaACL
005 - FECHA Y HORA DE LA ÚLTIMA TRANSACCIÓN
campo de control 20240516103501.0
007 - CAMPO FIJO DE DESCRIPCIÓN FÍSICA--INFORMACIÓN GENERAL
campo de control de longitud fija t|
008 - DATOS DE LONGITUD FIJA--INFORMACIÓN GENERAL
campo de control de longitud fija 070910s1962 sp ||||1| spa d
080 ## - NÚMERO DE LA CLASIFICACIÓN DECIMAL UNIVERSAL
Número de la Clasificación Decimal Universal 86-14"19"
100 1# - ENTRADA PRINCIPAL--NOMBRE DE PERSONA
Nombre de persona Tovar, Julio.
9 (RLIN) 111170
245 10 - MENCIÓN DEL TÍTULO
Título Hombre sólo /
Mención de responsabilidad, etc. Julio Tovar ; prólogo de José Domingo.
260 ## - PUBLICACIÓN, DISTRIBUCIÓN, ETC.
Lugar de publicación, distribución, etc. [La Laguna] :
Nombre del editor, distribuidor, etc. Instituto de Estudios Canarios,
Fecha de publicación, distribución, etc. 1962.
300 ## - DESCRIPCIÓN FÍSICA
Extensión 103 p. ;
Dimensiones 24 cm.
490 1# - MENCIÓN DE SERIE
Mención de serie Colección Retama
700 0# - ENTRADA AGREGADA--NOMBRE PERSONAL
Nombre de persona Domingo, José,
Fechas asociadas al nombre 1913-1975
9 (RLIN) 45118
710 2# - ENTRADA AGREGADA--NOMBRE DE ENTIDAD CORPORATIVA
Nombre de entidad corporativa o nombre de jurisdicción como elemento de entrada Instituto de Estudios Canarios.
9 (RLIN) 4891
830 0# - PUNTO DE ACCESO ADICIONAL DE SERIE-TÍTULO UNIFORME
Título uniforme Colección Retama
9 (RLIN) 220840
852 ## - LOCALIZACIÓN
Ubicación ES-MaACL
Número de control de estantería C-21985
Sublocalización o colección R.50424
852 ## - LOCALIZACIÓN
Ubicación ES-MaACL
Número de control de estantería C-22556
Sublocalización o colección R.51254
Holdings
Estatus retirado Estado de pérdida Estado de daño No para préstamo Biblioteca de origen Biblioteca actual Ubicación en estantería Fecha de adquisición Fuente de adquisición Total de préstamos Signatura topográfica completa Código de barras Visto por última vez Precio de reemplazo Tipo de ítem Koha
        Biblioteca del Ateneo de Madrid Biblioteca del Ateneo de Madrid Galería 17/01/2008     C-21985 1152817 23/02/2023 23/02/2023 Libro impreso
        Biblioteca del Ateneo de Madrid Biblioteca del Ateneo de Madrid Galería 17/01/2008     C-22556 1152818 23/02/2023 23/02/2023 Libro impreso